Občan Dubček

Salvato in:
Dettagli Bibliografici
Autore principale: Hajko, Jozef
Natura: Libro
Lingua:slovacco
Pubblicazione: Bratislava Premedia 2023
Edizione:1. vydanie
Soggetti:
Tags: Aggiungi Tag
Nessun Tag, puoi essere il primo ad aggiungerne!!

MARC

LEADER 00000nam a2200000 4500
001 0305158
005 20250102152438.9
020 |a 978-80-8242-215-6 
041 0 |a slo 
044 |a SK 
245 1 0 |a Občan Dubček  |c Jozef Hajko 
250 |a 1. vydanie 
264 1 |a Bratislava  |b Premedia  |c 2023 
300 |a 398 s. 
610 2 0 |a životopisy 
610 2 0 |a osobnosť 
610 2 0 |a politika 
100 1 |a Hajko, Jozef